000 00400nam a2200169Ia 4500
001 1040
003 IN-NITTTR
005 20251114232907.0
008 251113s9999||||xx |||||||||||||| ||eng||
040 _beng
040 _cIN-NITTTR
041 _aeng
082 _a624.17076 M355S
100 _aMarshall, W. T.
245 0 _aSolution of problems in structures. /
_cMarshall, W. T.
942 _2ddc
_cBK
999 _c1015
_d1015